00541nam a2200157Ia 450000500170000000800410001702000140005808200150007224501060008726000490019330000140024265000100025694200060026695200960027299900150036820240430012217.0240331s9999 xx 000 0 und d a955905200 bHIDa331.4 4aThe hidden face of development :bwomen, work and equality in Sri LankacCentre for women's reasearch aSri LankabCenter for women's researchc1989 a103, p ., aWomen cL 001040708LaWERCLbWERCLcSSCd2024-03-31l0o 331.4 HIDp136r2024-03-31w2024-03-31yL c2708d2708